000 00733nam a22002537a 4500
003 CHAP
005 20220329135833.0
008 971013s1969 r 00010 d
010 _a43053
011 _a44025
035 _a48163
040 _cCHAP
082 _a631.4072
_bS3
100 0 0 _aSabey, B.R.
_9101103
245 _aIntroductory experimental soil science
260 _aChampaing, Il. :
_bStipes,
_c1969
300 _a116 p.
_b: ilus.
590 _aBATCH-UPD
_b10
_c20130110
_lUCH01
_h1842
590 _aCONVERSION
_b10
_c20130109
_lUCH01
_h1324
650 1 4 _aSuelos
_xManuales de laboratorio.
_9110426
901 _aBK
942 _cLIBRO
949 _a631.4072 S3
_bBC
_cLIBRO
_d33724000066114
_eLIBRO
_h55921
_i48163
_si
_t230.00
999 _c43053
_d43053